[Event "Steyr Landesliga 1920"]
[Site "Austria"]
[Date "2019.09.28"]
[Round "1.6"]
[White "Gaal, Alexander"]
[Black "Rattinger, Thomas"]
[Result "1/2-1/2"]
[WhiteElo "1878"]
[BlackElo "1959"]
[PlyCount "105"]
[EventDate "2019.09.28"]
[EventType "team-tourn"]
[EventRounds "11"]
[EventCountry "AUT"]
[SourceTitle "CBM 193 Extra"]
[Source "ChessBase"]
[SourceDate "2020.01.31"]
[SourceVersion "1"]
[SourceVersionDate "2020.01.31"]
[SourceQuality "1"]
[WhiteTeam "Pinggau Friedberg"]
[BlackTeam "Krieglach Windheimat"]
[WhiteTeamCountry "AUT"]
[BlackTeamCountry "AUT"]

1. d4 d5 2. Bf4 e6 3. e3 Bd6 4. Bg3 f5 5. Nf3 Nf6 6. Nbd2 0-0 7. Ne5 Ne4 8. Bd3 Qe7 9. Ndf3 Nxg3 10. hxg3 Bxe5 11. Nxe5 Qb4+ 12. Kf1 g6 13. Rb1 Nd7 14. c3 Qe7 15. f4 Nxe5 16. dxe5 Qc5 17. Qe2 Bd7 18. Kf2 a6 19. b4 Qb6 20. Rh4 Bb5 21. Rbh1 Bxd3 22. Qxd3 Rf7 23. g4 Qb5 24. Qc2 a5 25. gxf5 gxf5 26. a4 Qc4 27. b5 Rd8 28. Rd1 Rfd7 29. Rd4 Qc5 30. g4 fxg4 31. Rxg4+ Rg7 32. Rxg7+ Kxg7 33. Kf3 Rg8 34. Qh2 Qxc3 35. Qh4 Rf8 36. Qe7+ Rf7 37. Qxe6 Qe1 38. Qxd5 Qf1+ 39. Ke4 Qg2+ 40. Kd3 Qf1+ 41. Kc2 Qh3 42. Rd2 Qf5+ 43. Kb2 h5 44. Rg2+ Kh6 45. e4 Qh3 46. Rd2 Rxf4 47. e6 Qe3 48. Qd8 Qxe4 49. Qh8+ Kg6 50. Qg8+ Kh6 51. Qh8+ Kg6 52. Qg8+ Kh6 53. Qh8+ 1/2-1/2

[Event "Steyr Landesliga 1718"]
[Site "Austria"]
[Date "2018.02.03"]
[Round "8.5"]
[White "Teuschler, Hugo"]
[Black "Rattinger, Thomas"]
[Result "1-0"]
[WhiteElo "2094"]
[BlackElo "1936"]
[PlyCount "71"]
[EventDate "2017.09.30"]
[EventType "team-tourn"]
[EventRounds "11"]
[EventCountry "AUT"]
[SourceTitle "EXT 2019"]
[Source "ChessBase"]
[SourceDate "2018.10.10"]
[SourceVersion "1"]
[SourceVersionDate "2018.10.10"]
[SourceQuality "1"]
[WhiteTeam "Frauental Strassenbahn"]
[BlackTeam "Ratten Krieglach"]
[WhiteTeamCountry "AUT"]
[BlackTeamCountry "AUT"]

1. e4 c5 2. Nf3 Nf6 3. Nc3 e6 4. d4 cxd4 5. Nxd4 d6 6. Be3 a6 7. a4 b6 8. Bd3 Be7 9. 0-0 0-0 10. f4 Qc7 11. Qf3 Bb7 12. Qh3 Nbd7 13. Rae1 Nc5 14. Bc1 Nxd3 15. cxd3 Rfd8 16. Kh1 Rac8 17. Nf3 Nd7 18. f5 Nf8 19. Bg5 f6 20. Be3 e5 21. Rc1 b5 22. Nd5 Qd7 23. Nb6 Qe8 24. Nxc8 Rxc8 25. Rxc8 Qxc8 26. axb5 axb5 27. Rc1 Qd8 28. Qg3 Nd7 29. Qf2 d5 30. Qc2 dxe4 31. dxe4 Bd6 32. Rd1 Be7 33. Qb3+ Kf8 34. Qxb5 Bc8 35. Qc6 Qe8 36. Rc1 1-0

[Event "Steyr Landesliga 1617"]
[Site "Austria"]
[Date "2016.10.15"]
[Round "2.7"]
[White "Rattinger, Thomas"]
[Black "Handler, Franz"]
[Result "1/2-1/2"]
[WhiteElo "1888"]
[BlackElo "1817"]
[PlyCount "64"]
[EventDate "2016.10.01"]
[EventType "team-tourn"]
[EventRounds "11"]
[EventCountry "AUT"]
[SourceTitle "CBM 175 Extra"]
[Source "ChessBase"]
[SourceDate "2016.12.12"]
[SourceVersion "1"]
[SourceVersionDate "2016.12.12"]
[SourceQuality "1"]
[WhiteTeam "Ratten Krieglach"]
[BlackTeam "Fuerstenfeld/Hartberg"]
[WhiteTeamCountry "AUT"]
[BlackTeamCountry "AUT"]

1. e4 c6 2. d4 d5 3. exd5 cxd5 4. Bd3 Nf6 5. Bf4 Qb6 6. b3 Nc6 7. c3 Bg4 8. Nf3 e6 9. 0-0 Be7 10. Nbd2 0-0 11. Qb1 Bh5 12. Ne5 Qd8 13. Re1 Rc8 14. Qb2 Nxe5 15. Bxe5 Nd7 16. Bg3 Qa5 17. b4 Qb6 18. a4 a6 19. Nb3 Bg6 20. Bxg6 hxg6 21. Reb1 Qc6 22. Nc5 Rfd8 23. a5 Qb5 24. Qc2 Nf6 25. f3 Nh5 26. Bf2 Bd6 27. Re1 Re8 28. Rad1 Nf6 29. Qd3 Qc6 30. Rc1 Qc7 31. g3 Nd7 32. Kg2 Qc6 1/2-1/2

[Event "Pula op 29th"]
[Site "Pula"]
[Date "2015.06.13"]
[Round "1"]
[White "Jovanic, Ognjen"]
[Black "Rattinger, Thomas"]
[Result "1-0"]
[WhiteElo "2466"]
[BlackElo "1941"]
[PlyCount "117"]
[EventDate "2015.06.13"]
[EventType "swiss"]
[EventRounds "9"]
[EventCountry "CRO"]
[SourceTitle "CBM 167 Extra"]
[Source "ChessBase"]
[SourceDate "2015.09.14"]
[SourceVersion "1"]
[SourceVersionDate "2015.09.14"]
[SourceQuality "1"]

1. d4 d5 2. c4 c6 3. Nf3 e6 4. e3 f5 5. Bd3 Nf6 6. 0-0 Bd6 7. b3 Qe7 8. Nc3 0-0 9. Bb2 Ne4 10. Ne2 Bd7 11. Ne5 Be8 12. f3 Nf6 13. Nf4 g5 14. Nh3 h6 15. Nf2 Nbd7 16. Qd2 Bh5 17. Rae1 Bb4 18. Bc3 Bxc3 19. Qxc3 Nxe5 20. dxe5 Nd7 21. cxd5 cxd5 22. Qc7 Rfc8 23. Qxb7 Rcb8 24. Qc7 Rc8 25. Qd6 Qxd6 26. exd6 Rc6 27. e4 fxe4 28. fxe4 Rxd6 29. exd5 exd5 30. Re7 Re8 31. Rxe8+ Bxe8 32. Rc1 Ne5 33. Rc8 Kf7 34. Be2 Ke7 35. Ra8 Nc6 36. Bb5 Bd7 37. Kf1 Nd4 38. Bd3 Nc6 39. a3 Ke6 40. b4 Ke5 41. b5 Nd4 42. a4 a6 43. Rxa6 Rxa6 44. bxa6 Bxa4 45. Ng4+ Kf4 46. Nxh6 Ke3 47. Ng4+ Kd2 48. a7 Bc6 49. Ne5 Ba8 50. Kf2 Nc6 51. Nxc6 Kxd3 52. Ne5+ Kc2 53. Nf3 Kc3 54. Ke3 Bb7 55. Nd4 Kc4 56. Ne6 d4+ 57. Nxd4 Kc5 58. g4 Kb6 59. Ne6 1-0

[Event "Graz op-B"]
[Site "Graz"]
[Date "2015.02.13"]
[Round "1"]
[White "Rattinger, Thomas"]
[Black "Murlasits, Martin III"]
[Result "1-0"]
[WhiteElo "1991"]
[BlackElo "1827"]
[PlyCount "103"]
[EventDate "2015.02.13"]
[EventType "swiss"]
[EventRounds "9"]
[EventCountry "AUT"]
[SourceTitle "CBM 165 Extra"]
[Source "ChessBase"]
[SourceDate "2015.04.21"]
[SourceVersion "1"]
[SourceVersionDate "2015.04.21"]
[SourceQuality "1"]

1. e4 c5 2. Nc3 a6 3. g3 Nc6 4. Bg2 g6 5. d3 Bg7 6. f4 e6 7. Nge2 Nge7 8. e5 0-0 9. Ne4 b6 10. 0-0 Rb8 11. g4 Na5 12. g5 Nf5 13. Nf6+ Bxf6 14. gxf6 h5 15. Be4 Bb7 16. Rf3 Kh7 17. Rh3 Rh8 18. Bxf5 exf5 19. Ng3 Kg8 20. Nxf5 d6 21. Nxd6 Qd7 22. Nxb7 Qxh3 23. Nd6 Nb7 24. Ne4 Nd8 25. Ng5 Qd7 26. Qf3 Ne6 27. Nxe6 Qxe6 28. Be3 Kh7 29. Rf1 Qg4+ 30. Qxg4 hxg4 31. Rf2 Rhe8 32. Rg2 g5 33. Rxg4 gxf4 34. Bxf4 Rg8 35. Rg3 Rbd8 36. Kf2 Rxg3 37. hxg3 Kg6 38. Ke3 Kf5 39. c3 Rd7 40. d4 c4 41. g4+ Ke6 42. Ke4 Rd5 43. Bh6 Rd8 44. g5 b5 45. Bg7 a5 46. a3 a4 47. Bh6 Rd5 48. Bf8 Rd8 49. Bd6 Rh8 50. d5+ Kd7 51. g6 Rh4+ 52. Kf5 1-0

[Event "Pula op 26th"]
[Site "Pula"]
[Date "2012.06.09"]
[Round "1"]
[White "Rattinger, Thomas"]
[Black "Barle, Janez"]
[Result "1/2-1/2"]
[WhiteElo "1958"]
[BlackElo "2379"]
[PlyCount "59"]
[EventDate "2012.06.09"]
[EventType "swiss"]
[EventRounds "9"]
[EventCountry "CRO"]
[SourceTitle "CBM 148 Extra"]
[Source "ChessBase"]
[SourceDate "2012.06.22"]
[SourceVersion "1"]
[SourceVersionDate "2012.06.22"]
[SourceQuality "1"]

1. e4 c5 2. Nc3 Nc6 3. g3 g6 4. Bg2 Bg7 5. d3 d6 6. f4 e5 7. Nh3 Nge7 8. 0-0 exf4 9. Nxf4 0-0 10. Nfd5 Nxd5 11. Nxd5 Be6 12. Nf4 Qd7 13. c3 h6 14. Be3 Ne5 15. Nxe6 fxe6 16. Bh3 Rxf1+ 17. Qxf1 Kh7 18. Qe2 Rf8 19. Rf1 Rxf1+ 20. Qxf1 Qb5 21. d4 Qxf1+ 22. Kxf1 Nc4 23. Bc1 cxd4 24. cxd4 Bxd4 25. b3 Ne5 26. Bxe6 Nf3 27. Bf4 Be5 28. Be3 b6 29. Kf2 Nd4 30. Bxd4 1/2-1/2